[Event "GER rap14 FSM/V03 email"]
[Site "GER email"]
[Date "2017.03.22"]
[Round "?"]
[White "Hartl, Hermann"]
[Black "Schmidt, Detlef"]
[Result "1-0"]
[WhiteElo "2187"]
[BlackElo "2001"]
[PlyCount "125"]
[EventDate "2017.03.27"]
[EventType "tourn (corr)"]
[EventRounds "4"]
[EventCountry "GER"]
[SourceTitle "Corr 2020"]
[Source "ChessBase"]
[SourceDate "2019.09.30"]
[SourceVersion "1"]
[SourceVersionDate "2019.09.30"]
[SourceQuality "1"]

1. e4 c5 2. Nf3 Nc6 3. Bb5 e6 4. 0-0 Nge7 5. Ba4 g6 6. c3 Bg7 7. d4 cxd4 8. cxd4 d5 9. e5 0-0 10. Nc3 Bd7 11. Re1 Rc8 12. Bd2 a6 13. Ne2 Qe8 14. Bc2 f6 15. exf6 Rxf6 16. Bf4 Nb4 17. Bb1 Ba4 18. b3 Bb5 19. g3 Qf8 20. Qd2 Nbc6 21. Nc3 h6 22. a4 Na5 23. Bc2 Be8 24. h4 Nec6 25. Rac1 Nb4 26. Qe3 Nxc2 27. Rxc2 Kh7 28. Rec1 Rxf4 29. gxf4 Qf5 30. Rb2 Bf8 31. Rf1 Nc6 32. Ne2 Rc7 33. Kg2 Qg4+ 34. Kh2 Bd6 35. Rg1 Qh5 36. Rg3 Qf5 37. Ne5 Ne7 38. Rg4 Bb4 39. Qf3 Qf8 40. Qd3 Qf5 41. Qd1 h5 42. Rg3 a5 43. Kg1 Bd6 44. Rd2 b6 45. Rdd3 Qf6 46. Rc3 Rxc3 47. Rxc3 Qxh4 48. Qd3 Kg8 49. Qa6 Bxe5 50. fxe5 Qe4 51. Kf1 Qb1+ 52. Rc1 Qxb3 53. Kg2 Qb2 54. Rc7 Qd2 55. Ng3 Kf7 56. Qxb6 Qg5 57. Rc3 Nf5 58. Kf1 Ng7 59. Qc7+ Kg8 60. Rb3 h4 61. Rb7 Qh6 62. Ne2 g5 63. Kg1 1-0

[Event "GER MS-256 email"]
[Site "GER email"]
[Date "2017.02.11"]
[Round "?"]
[White "Rulfs, Ernst August"]
[Black "Schmidt, Detlef"]
[Result "1/2-1/2"]
[WhiteElo "2076"]
[BlackElo "2032"]
[PlyCount "64"]
[EventDate "2017.02.17"]
[EventType "tourn (corr)"]
[EventRounds "6"]
[EventCountry "GER"]
[SourceTitle "Corr 2020"]
[Source "ChessBase"]
[SourceDate "2019.09.30"]
[SourceVersion "1"]
[SourceVersionDate "2019.09.30"]
[SourceQuality "1"]

1. d4 d5 2. e4 dxe4 3. Nc3 Nf6 4. f3 exf3 5. Nxf3 e6 6. Bd3 c5 7. Be3 cxd4 8. Nxd4 Bb4 9. 0-0 0-0 10. Qe2 Bc5 11. Rxf6 Bxd4 12. Rf2 Nc6 13. Rd1 Bxe3 14. Qxe3 Qe7 15. Rfd2 f5 16. Bc4 f4 17. Qf2 f3 18. gxf3 Qg5+ 19. Kh1 Ne5 20. Be2 b6 21. Ne4 Qf4 22. Qg3 Bb7 23. Qxf4 Rxf4 24. Ng5 Bd5 25. b3 b5 26. Rxd5 exd5 27. Rxd5 Ng6 28. Rxb5 h6 29. Ne6 Rf6 30. Nd4 Rd6 31. c3 Re8 32. Bf1 Nf4 1/2-1/2

[Event "GER MS-256 email"]
[Site "GER email"]
[Date "2017.02.11"]
[Round "?"]
[White "Schmidt, Juergen"]
[Black "Schmidt, Detlef"]
[Result "1/2-1/2"]
[WhiteElo "1944"]
[BlackElo "2032"]
[PlyCount "55"]
[EventDate "2017.02.17"]
[EventType "tourn (corr)"]
[EventRounds "6"]
[EventCountry "GER"]
[SourceTitle "Corr 2020"]
[Source "ChessBase"]
[SourceDate "2019.09.30"]
[SourceVersion "1"]
[SourceVersionDate "2019.09.30"]
[SourceQuality "1"]

1. d4 d5 2. Nf3 Bf5 3. Bf4 e6 4. e3 Nf6 5. c4 Bxb1 6. Rxb1 Bb4+ 7. Ke2 Bd6 8. Bxd6 Qxd6 9. Qb3 b6 10. Qa4+ Nbd7 11. g3 0-0 12. cxd5 exd5 13. Rc1 c5 14. Bh3 Rfb8 15. b3 a5 16. Rhd1 b5 17. dxc5 Nxc5 18. Qd4 Nce4 19. Nd2 b4 20. Nxe4 Qa6+ 21. Kf3 Nxe4 22. Bf1 Qe6 23. Kg2 Rd8 24. Rc7 h5 25. h4 Qf5 26. f3 Nc3 27. Rd2 Re8 28. a4 1/2-1/2

[Event "GER rap13 FSM/V03 email"]
[Site "GER email"]
[Date "2016.12.04"]
[Round "?"]
[White "Schmidt, Detlef"]
[Black "Lins, Thomas"]
[Result "1/2-1/2"]
[WhiteElo "2001"]
[BlackElo "2251"]
[PlyCount "88"]
[EventDate "2016.12.09"]
[EventType "tourn (corr)"]
[EventRounds "4"]
[EventCountry "GER"]
[SourceTitle "Corr 2020"]
[Source "ChessBase"]
[SourceDate "2019.09.30"]
[SourceVersion "1"]
[SourceVersionDate "2019.09.30"]
[SourceQuality "1"]

1. d4 d5 2. Nf3 Nf6 3. c4 dxc4 4. e3 a6 5. Bxc4 c5 6. 0-0 e6 7. b3 b5 8. Be2 Nbd7 9. Bb2 Bb7 10. a4 b4 11. Nbd2 Be7 12. Rc1 Rc8 13. dxc5 Nxc5 14. Rc4 Qb6 15. Qb1 0-0 16. Bd4 Bd5 17. Rc2 Qb7 18. Bc4 Nfe4 19. Bxd5 exd5 20. Rfc1 Ne6 21. Bb2 Rc5 22. Rxc5 N6xc5 23. h3 h6 24. Bd4 Ne6 25. Qc2 Nxd4 26. Nxd4 Nc3 27. Nb1 Rc8 28. Nxc3 bxc3 29. Qd3 Bb4 30. g3 g6 31. Ne2 Qc6 32. Rc2 Ba5 33. Nf4 Rd8 34. Ne2 Rb8 35. Nd4 Qd6 36. Qd1 Rb6 37. h4 h5 38. Rc1 Qa3 39. Rc2 Qe7 40. Rc1 Qe4 41. Qe2 Kh7 42. Qd1 Rf6 43. Qc2 Rb6 44. Qd1 Rf6 1/2-1/2

[Event "GER-ch44 V08 email"]
[Site "GER email"]
[Date "2012.04.25"]
[Round "?"]
[White "Schmidt, Detlef"]
[Black "Wolf, Wolfgang"]
[Result "1-0"]
[WhiteElo "1999"]
[BlackElo "2163"]
[PlyCount "119"]
[EventDate "2012.04.30"]
[EventType "tourn (corr)"]
[EventRounds "12"]
[EventCountry "GER"]
[SourceTitle "Corr 2015"]
[Source "ChessBase"]
[SourceDate "2015.07.17"]
[SourceVersion "1"]
[SourceVersionDate "2015.07.17"]
[SourceQuality "1"]

1. d4 f5 2. g3 Nf6 3. Bg2 g6 4. Nf3 Bg7 5. 0-0 0-0 6. c4 d6 7. Nc3 Qe8 8. Be3 c6 9. Qb3 h6 10. d5 c5 11. Qc2 Na6 12. Bd2 Nc7 13. Nh4 Rb8 14. a4 Qf7 15. Rae1 Ng4 16. e4 f4 17. gxf4 g5 18. h3 gxh4 19. hxg4 Bxg4 20. f3 Bh5 21. Kh2 Kh8 22. Bh3 Rg8 23. Ne2 e6 24. Bc3 Rbe8 25. Qd3 exd5 26. cxd5 Bxc3 27. Qxc3+ Kh7 28. Rd1 b6 29. Rg1 a6 30. Bf5+ Bg6 31. Bg4 Bh5 32. Bf5+ Bg6 33. Bxg6+ Rxg6 34. Rxg6 Qxg6 35. f5 Qf7 36. Nf4 Rg8 37. Ng6 b5 38. b3 Ne8 39. Qd3 Qb7 40. axb5 axb5 41. Rg1 Nf6 42. Kh3 Qb6 43. Qe3 Qc7 44. Kxh4 Qd8 45. Kh3 Qd7 46. Kh2 Qd8 47. Ra1 Rg7 48. Qf4 Nh5 49. Qg4 Nf6 50. Qh4 c4 51. bxc4 bxc4 52. Ra6 Rf7 53. Qg3 Ne8 54. Rc6 Qb8 55. Rxc4 Qb2+ 56. Qg2 Qxg2+ 57. Kxg2 Kg7 58. Rc8 Nc7 59. Kg3 Kf6 60. Kg4 1-0

[Event "GER rap6 FSM/F01 email"]
[Site "GER email"]
[Date "2012.03.12"]
[Round "?"]
[White "Hinz, Horst"]
[Black "Schmidt, Detlef"]
[Result "0-1"]
[WhiteElo "2146"]
[BlackElo "1983"]
[PlyCount "102"]
[EventDate "2012.03.20"]
[EventType "tourn (corr)"]
[EventRounds "4"]
[EventCountry "GER"]
[SourceTitle "Corr 2015"]
[Source "ChessBase"]
[SourceDate "2015.07.17"]
[SourceVersion "1"]
[SourceVersionDate "2015.07.17"]
[SourceQuality "1"]
[WhiteTeam "Germany"]
[BlackTeam "Germany"]
[WhiteTeamCountry "GER"]
[BlackTeamCountry "GER"]

1. d4 d5 2. c4 c6 3. Nf3 e6 4. e3 Nf6 5. Nc3 Nbd7 6. Bd3 dxc4 7. Bxc4 b5 8. Bd3 a6 9. e4 c5 10. d5 Qc7 11. 0-0 c4 12. dxe6 fxe6 13. Bc2 Bb7 14. Qe2 Bd6 15. Nd4 Bxh2+ 16. Kh1 Nc5 17. f4 e5 18. Ndxb5 axb5 19. Kxh2 0-0 20. Nxb5 Qe7 21. Nc3 Nd3 22. Kg1 exf4 23. Bxf4 Rfe8 24. Rad1 Rad8 25. b3 Bc8 26. Bxd3 cxd3 27. Qf2 h6 28. Rde1 Rf8 29. Qb6 Ng4 30. Rd1 Rxf4 31. Rxf4 Qh4 32. Rf3 Qh2+ 33. Kf1 Qh1+ 34. Qg1 Qh4 35. g3 Qh5 36. Ke1 Ne5 37. Rf4 Bg4 38. Rd2 Rc8 39. Rh2 Qg5 40. Qd4 Qxf4 41. Qd5+ Qf7 42. Qxe5 Qa7 43. Kd2 Qg1 44. Rxh6 Qf2+ 45. Kxd3 gxh6 46. Qf4 Rd8+ 47. Nd5 Qxf4 48. gxf4 Be6 49. Ke2 Bxd5 50. exd5 Kf7 51. b4 Rxd5 0-1

[Event "GER rap6 FSM/F01 email"]
[Site "GER email"]
[Date "2012.03.12"]
[Round "?"]
[White "Opitz, Peter"]
[Black "Schmidt, Detlef"]
[Result "1/2-1/2"]
[WhiteElo "1938"]
[BlackElo "1983"]
[PlyCount "122"]
[EventDate "2012.03.20"]
[EventType "tourn (corr)"]
[EventRounds "4"]
[EventCountry "GER"]
[SourceTitle "Corr 2015"]
[Source "ChessBase"]
[SourceDate "2015.07.17"]
[SourceVersion "1"]
[SourceVersionDate "2015.07.17"]
[SourceQuality "1"]
[WhiteTeam "Germany"]
[BlackTeam "Germany"]
[WhiteTeamCountry "GER"]
[BlackTeamCountry "GER"]

1. e4 c5 2. Nf3 d6 3. d4 cxd4 4. Nxd4 Nf6 5. Nc3 g6 6. Be3 Bg7 7. f3 Nc6 8. Qd2 Nxd4 9. Bxd4 0-0 10. 0-0-0 Be6 11. Kb1 Rc8 12. h4 h5 13. Be2 Re8 14. Rhf1 Qa5 15. a3 a6 16. f4 Bg4 17. e5 Bxe2 18. Qxe2 Ng4 19. e6 f5 20. Qf3 Bxd4 21. Rxd4 Qc5 22. Qd3 Nf6 23. Nd1 b5 24. Ne3 Kg7 25. Rf3 Rg8 26. Rg3 Kh8 27. Rf3 Qb6 28. Rf1 Kg7 29. c3 Rc5 30. Re1 Qc6 31. g3 Rb8 32. Kc2 Rc8 33. Kb1 Kh7 34. Ka1 Rb8 35. Kb1 a5 36. Qd1 Qc8 37. Nc2 Rc4 38. Ka1 Ne4 39. Rxc4 bxc4 40. Nd4 Qb7 41. Qc2 Nc5 42. Rb1 Qd5 43. Qe2 Kh6 44. Rg1 Nd3 45. Rb1 Kg7 46. Qc2 Kf6 47. Qh2 Qe4 48. Qg1 Kg7 49. Nc2 Nc5 50. Nd4 Qb7 51. Qf1 Qd5 52. Ka2 Rb6 53. Ka1 Nd3 54. Qg1 Kf6 55. Ka2 Qb7 56. Qh2 Qe4 57. Qg1 Rb7 58. Ka1 Kg7 59. Ka2 a4 60. Ka1 Kh6 61. Qd1 Nc5 1/2-1/2

[Event "GER rap6 FSM/F01 email"]
[Site "GER email"]
[Date "2012.03.12"]
[Round "?"]
[White "Schmidt, Detlef"]
[Black "Ensenbach, Marc"]
[Result "1-0"]
[WhiteElo "1983"]
[BlackElo "1805"]
[PlyCount "71"]
[EventDate "2012.03.20"]
[EventType "tourn (corr)"]
[EventRounds "4"]
[EventCountry "GER"]
[SourceTitle "Corr 2015"]
[Source "ChessBase"]
[SourceDate "2015.07.17"]
[SourceVersion "1"]
[SourceVersionDate "2015.07.17"]
[SourceQuality "1"]
[WhiteTeam "Germany"]
[BlackTeam "Germany"]
[WhiteTeamCountry "GER"]
[BlackTeamCountry "GER"]

1. d4 e6 2. c4 Nf6 3. Nf3 Bb4+ 4. Nbd2 0-0 5. e3 d5 6. a3 Be7 7. b3 b5 8. cxb5 c6 9. bxc6 a5 10. Qc2 Qb6 11. Ne5 Ra7 12. Bb2 Bd6 13. Bd3 Ba6 14. Rc1 Bxd3 15. Qxd3 Rc7 16. g3 Nxc6 17. Rxc6 Rxc6 18. Nxc6 Qxc6 19. 0-0 h5 20. f3 h4 21. e4 dxe4 22. fxe4 hxg3 23. hxg3 Be7 24. Rc1 Qb7 25. Rc2 Rd8 26. Kg2 Ng4 27. Qf3 Nf6 28. Rc4 Ra8 29. a4 Rb8 30. Kh2 Qb6 31. Ba1 Qa6 32. Kg2 Bb4 33. Bc3 Bf8 34. Qf1 Bd6 35. Qf3 Qa8 36. e5 1-0

[Event "GER rap6 FSM/V03 email"]
[Site "GER email"]
[Date "2011.12.19"]
[Round "?"]
[White "Grube, Frank"]
[Black "Schmidt, Detlef"]
[Result "0-1"]
[WhiteElo "2107"]
[BlackElo "1983"]
[PlyCount "104"]
[EventDate "2011.12.28"]
[EventType "tourn (corr)"]
[EventRounds "4"]
[EventCountry "GER"]
[SourceTitle "Corr 2015"]
[Source "ChessBase"]
[SourceDate "2015.07.17"]
[SourceVersion "1"]
[SourceVersionDate "2015.07.17"]
[SourceQuality "1"]
[WhiteTeam "Germany"]
[BlackTeam "Germany"]
[WhiteTeamCountry "GER"]
[BlackTeamCountry "GER"]

1. d4 d5 2. Nf3 Bf5 3. c4 e6 4. Nc3 Nc6 5. Bf4 Nf6 6. e3 Bb4 7. Rc1 0-0 8. Bd3 Bxd3 9. Qxd3 dxc4 10. Qxc4 Qd5 11. Qxd5 Nxd5 12. Bg3 Nxc3 13. bxc3 Bd6 14. Ke2 Rac8 15. Rhd1 Rfd8 16. c4 b6 17. e4 Re8 18. Rc2 Rcd8 19. Ke3 f5 20. e5 Bf8 21. h3 Rd7 22. Ke2 g5 23. Rcd2 h6 24. Bh2 Na5 25. Rc2 c6 26. g4 f4 27. Rc3 Be7 28. h4 Red8 29. Rcc1 Kf7 30. Rd2 Kg6 31. h5+ Kf7 32. Bg1 Ba3 33. Rcc2 c5 34. dxc5 Bxc5 35. Rxd7+ Rxd7 36. Rc1 Nc6 37. Rb1 Bd4 38. Rb5 Bc3 39. a3 Ke8 40. Rb1 Bxe5 41. Nxe5 Nxe5 42. f3 Nxc4 43. Rc1 Nxa3 44. Rc8+ Kf7 45. Rh8 Kg7 46. Re8 Nc4 47. Rxe6 b5 48. Rc6 Re7+ 49. Kf1 Ne3+ 50. Bxe3 fxe3 51. Ke2 b4 52. Rc1 b3 0-1

[Event "GER MS-138 email"]
[Site "GER email"]
[Date "2011.08.15"]
[Round "?"]
[White "Preussner, Michael"]
[Black "Schmidt, Detlef"]
[Result "0-1"]
[WhiteElo "1945"]
[BlackElo "1983"]
[PlyCount "184"]
[EventDate "2011.08.22"]
[EventType "tourn (corr)"]
[EventRounds "6"]
[EventCountry "GER"]
[SourceTitle "Corr 2015"]
[Source "ChessBase"]
[SourceDate "2015.07.17"]
[SourceVersion "1"]
[SourceVersionDate "2015.07.17"]
[SourceQuality "1"]

1. d4 d5 2. e4 dxe4 3. Nc3 Nf6 4. f3 exf3 5. Nxf3 e6 6. Bg5 Be7 7. Bd3 0-0 8. Qe2 Nc6 9. 0-0-0 Nb4 10. Kb1 Nxd3 11. Qxd3 b6 12. Ne5 Bb7 13. Rhf1 Nd5 14. Bxe7 Nxc3+ 15. Qxc3 Qxe7 16. g4 f6 17. Nd3 Rad8 18. a3 Qd6 19. Nf4 Rfe8 20. Qc4 Qc6 21. Qb3 Rd6 22. h4 Qd7 23. g5 f5 24. Kc1 a5 25. h5 Rd8 26. g6 h6 27. Rd2 a4 28. Qc3 c5 29. d5 exd5 30. Re2 d4 31. Qc4+ Kh8 32. Re5 Rf6 33. Rfe1 Be4 34. Nd3 Rdf8 35. Nf4 b5 36. Qxc5 Rc8 37. Re7 Qd8 38. Qe5 Rxc2+ 39. Kd1 Rc1+ 40. Ke2 d3+ 41. Kd2 Qa5+ 42. Qc3 Qxc3+ 43. bxc3 Rc2+ 44. Ke3 Rf8 45. Ne6 Rg8 46. Nd4 Rxc3 47. Nxb5 d2+ 48. Kxd2 Rb3 49. Nc7 Rd8+ 50. Ke2 Rxa3 51. Ne6 Rg8 52. Kf2 Rf3+ 53. Ke2 Rc3 54. Rd1 Bf3+ 55. Kd2 Bxd1 56. Kxc3 Bxh5 57. Nf4 Bf3 58. Kb4 Bd1 59. Rd7 Rb8+ 60. Ka3 Bb3 61. Nh5 Rg8 62. Kb4 Be6 63. Re7 Bb3 64. Rd7 Bc2 65. Ka3 Be4 66. Rc7 f4 67. Nxf4 Ra8 68. Rf7 Bc2 69. Rd7 Re8 70. Ra7 Rb8 71. Rc7 Rb3+ 72. Ka2 Bb1+ 73. Ka1 Rb8 74. Rc5 a3 75. Ra5 Be4 76. Ra4 Re8 77. Ka2 Kg8 78. Rb4 Kf8 79. Kxa3 Re5 80. Kb3 Ke7 81. Rb6 Bh1 82. Ra6 Bd5+ 83. Kc3 Rf5 84. Ra4 Kf6 85. Ra6+ Kg5 86. Nh3+ Kh4 87. Ng1 h5 88. Ra7 Rg5 89. Ne2 Rxg6 90. Nf4 Rg3+ 91. Kd2 Bf3 92. Ne6 g6 0-1

[Event "GER MS-123 email"]
[Site "GER email"]
[Date "2011.02.20"]
[Round "?"]
[White "Bartsch, Andreas"]
[Black "Schmidt, Detlef"]
[Result "1/2-1/2"]
[WhiteElo "2021"]
[BlackElo "1948"]
[PlyCount "89"]
[EventDate "2011.02.25"]
[EventType "tourn (corr)"]
[EventRounds "6"]
[EventCountry "GER"]
[SourceTitle "Corr 2015"]
[Source "ChessBase"]
[SourceDate "2015.07.17"]
[SourceVersion "1"]
[SourceVersionDate "2015.07.17"]
[SourceQuality "1"]
[WhiteTeam "Germany"]
[BlackTeam "Latvia"]
[WhiteTeamCountry "GER"]
[BlackTeamCountry "LAT"]

1. Nf3 d5 2. g3 c6 3. Bg2 Nf6 4. 0-0 g6 5. d3 Bg7 6. Nbd2 0-0 7. e4 dxe4 8. dxe4 c5 9. Qe2 Nc6 10. Nb3 Qb6 11. e5 Ng4 12. Bf4 h6 13. Rad1 Be6 14. h3 g5 15. Bxg5 hxg5 16. hxg4 Bxg4 17. Rd5 c4 18. Qxc4 Bxf3 19. Bxf3 Nxe5 20. Qe2 Nxf3+ 21. Qxf3 Bf6 22. Rd7 Qa6 23. Rxb7 Rac8 24. c3 Qxa2 25. Nd4 Rb8 26. Nf5 Qe6 27. Ne3 Qa6 28. Rxb8 Rxb8 29. Rd1 Qb7 30. Rd8+ Kg7 31. Nf5+ Kg6 32. Nh4+ gxh4 33. Qg4+ Bg5 34. Rxb8 Qxb8 35. gxh4 f6 36. Qe4+ Kh5 37. hxg5 Qxb2 38. gxf6 Qc1+ 39. Kg2 Qg5+ 40. Kf1 exf6 41. Ke2 a5 42. c4 Qg4+ 43. Kd3 Qxe4+ 44. Kxe4 Kg6 45. c5 1/2-1/2